Inside out : Resource pack; Advanced

Salvato in:
Dettagli Bibliografici
Natura: Libro
Lingua:Undetermined
Pubblicazione: Oxford Macmillan 2002
Soggetti:
Tags: Aggiungi Tag
Nessun Tag, puoi essere il primo ad aggiungerne! !
Thư viện lưu trữ: Trung tâm Học liệu Trường Đại học Cần Thơ
LEADER 00492nam a2200181Ia 4500
001 CTU_65302
008 210402s9999 xx 000 0 und d
020 |b 341000 
082 |a 428.34 
082 |b I.59ra 
245 0 |a Inside out : Resource pack; Advanced 
245 0 |c Jon Hird...[et al.] 
260 |a Oxford 
260 |b Macmillan 
260 |c 2002 
650 |a english language 
650 |x textbooks for foreign speakers 
980 |a Trung tâm Học liệu Trường Đại học Cần Thơ